000 00894nas a2200301 4500
001 BR0904695
003 BR-BrBNA
005 20231205113530.0
007 ta
008 230509b bl.|||p| |||| 00| 00por d
040 _aBR-BrBNA
_bpor
_cBiblioteca Nacional de Agricultura
041 _a(Pt)
072 _aL40; L74
100 1 _aRocha, T.G.
100 1 _aTeixeira, L.G.
100 1 _aSeppa, G. dos S.
100 1 _aFrança, T. do N.
100 1 _aBrito, M. de F.
245 1 _aFístulas e outras anomalias congênitas dos tratos digestivos e urinário em um potro
650 _aPOTRO
650 _aFÍSTULA
650 _aAPARELHO DIGESTIVO
650 _aAPARELHO URINÁRIO
650 _aDISTÚRBIO
773 0 _tCiência Rural (Brazil)
_xISSN 0103-8478
_g(Sep-Oct 2007), v. 37(5) p. 1488-1491
_wBR0904695
909 _a202311
_bLúcia
_c55
_dLúcia Elande
942 _2AGRIS
_n0
_cANA
999 _c204282
_d204282